| 000 | 00493nam a22001457a 4500 | ||
|---|---|---|---|
| 005 | 20151030161402.0 | ||
| 008 | 151030b xxu||||| |||| 00| 0 eng d | ||
| 040 | _cPK-LaUMT | ||
| 082 |
_aKHC 303.64 _bMUN-F |
||
| 100 | _aمنیر احمد | ||
| 245 |
_aفوج اور عدلیہ _bاسلم بیگ مقدمے کی لمحہ بہ لمحہ اندرونی روداد _cمنیر احمد |
||
| 260 |
_aلاہور _bفرنٹئیر پوسٹ پبلیکیشنبز _c1993 |
||
| 300 | _a240 ص | ||
| 942 | _cBK | ||
| 999 |
_c77920 _d77920 |
||